[Event "Moscow op-E"]
[Site "Moscow"]
[Date "2011.02.02"]
[Round "5.131"]
[White "Romcovici, Victor"]
[Black "Babaev, Mikhail"]
[Result "1-0"]
[WhiteElo "2200"]
[BlackElo "2011"]
[PlyCount "56"]
[EventDate "2011.01.29"]
[EventType "swiss"]
[EventRounds "9"]
[EventCountry "RUS"]
[SourceTitle "EXT 2022"]
[Source "ChessBase"]
[SourceDate "2021.10.06"]
[SourceVersion "1"]
[SourceVersionDate "2021.10.06"]
[SourceQuality "1"]

1. e4 c6 2. Nc3 d5 3. Qf3 dxe4 4. Nxe4 Nd7 5. d4 Ngf6 6. Bc4 Nb6 7. Bd3 Qxd4 8. Ne2 Qd8 9. Bd2 g6 10. Nxf6+ exf6 11. 0-0-0 Bg7 12. Bb4 Qd5 13. Be4 Qxa2 14. Bxc6+ bxc6 15. Qxc6+ Bd7 16. Rxd7 Qa1+ 17. Kd2 Bh6+ 18. f4 Qa4 19. Re7+ Kf8 20. Qxa4 Nxa4 21. Rxa7+ Kg7 22. Rxa8 Rxa8 23. b3 Rd8+ 24. Ke1 Nb6 25. c4 g5 26. g3 f5 27. Ba5 Ra8 28. Bc3+ Kg6 1-0

[Event "Moscow op-E"]
[Site "Moscow"]
[Date "2011.01.31"]
[Round "3.135"]
[White "Usmanov, Vasily"]
[Black "Babaev, Mikhail"]
[Result "1-0"]
[WhiteElo "2215"]
[BlackElo "2011"]
[PlyCount "59"]
[EventDate "2011.01.29"]
[EventType "swiss"]
[EventRounds "9"]
[EventCountry "RUS"]
[SourceTitle "EXT 2022"]
[Source "ChessBase"]
[SourceDate "2021.10.06"]
[SourceVersion "1"]
[SourceVersionDate "2021.10.06"]
[SourceQuality "1"]

1. Nf3 d5 2. d4 Nf6 3. c4 c6 4. Nc3 dxc4 5. e4 b5 6. e5 Nd5 7. a4 e6 8. axb5 Nxc3 9. bxc3 cxb5 10. Ng5 Bb7 11. Qh5 g6 12. Qg4 Bd5 13. Be2 Be7 14. h4 h6 15. Ne4 Nc6 16. Bf3 a5 17. 0-0 Rc8 18. Nd6+ Bxd6 19. Bxd5 Nxe5 20. dxe5 Bxe5 21. Bxe6 h5 22. Qe4 Rc5 23. Be3 f5 24. Qb7 Qc7 25. Qa8+ Ke7 26. Bg8 Rc6 27. Bg5+ Kd7 28. Rfe1 Qb8 29. Rad1+ Kc7 30. Bd8+ 1-0

[Event "Moscow op-E"]
[Site "Moscow"]
[Date "2011.01.29"]
[Round "1.59"]
[White "Airapetian, Gor"]
[Black "Babaev, Mikhail"]
[Result "1-0"]
[WhiteElo "2442"]
[BlackElo "2011"]
[PlyCount "59"]
[EventDate "2011.01.29"]
[EventType "swiss"]
[EventRounds "9"]
[EventCountry "RUS"]
[SourceTitle "EXT 2022"]
[Source "ChessBase"]
[SourceDate "2021.10.06"]
[SourceVersion "1"]
[SourceVersionDate "2021.10.06"]
[SourceQuality "1"]

1. d4 Nf6 2. c4 c5 3. d5 b5 4. cxb5 a6 5. bxa6 Bxa6 6. Nc3 e6 7. e4 Bxf1 8. Kxf1 exd5 9. e5 Ne4 10. Qxd5 Nxc3 11. Qxa8 Nb5 12. Nf3 Be7 13. Be3 0-0 14. a4 Nc7 15. Qe4 Ne6 16. h4 Re8 17. Ng5 Nf8 18. Rh3 d5 19. exd6 Bxd6 20. Qd5 Qc7 21. Rf3 Re7 22. Nxf7 Rxf7 23. Rxf7 Qxf7 24. Qxd6 Nbd7 25. a5 Nf6 26. Bxc5 N8d7 27. Be3 Ne4 28. Qf4 Qc4+ 29. Kg1 Qc2 30. Rc1 1-0

[Event "Moscow op-B"]
[Site "Moscow"]
[Date "2009.02.07"]
[Round "8"]
[White "Babaev, Mikhail"]
[Black "Koshevoy, Sergey Vladimirovic"]
[Result "0-1"]
[WhiteElo "2023"]
[BlackElo "2260"]
[PlyCount "52"]
[EventDate "2009.01.31"]
[EventType "swiss"]
[EventRounds "9"]
[EventCountry "RUS"]
[SourceTitle "EXT 2012"]
[Source "ChessBase"]
[SourceDate "2011.11.24"]
[SourceVersion "1"]
[SourceVersionDate "2011.11.24"]
[SourceQuality "1"]

1. d4 d5 2. c3 Nf6 3. Nf3 c6 4. h3 Bf5 5. Nbd2 Nbd7 6. g4 Bg6 7. Nh4 Qc7 8. Bg2 e5 9. Nxg6 hxg6 10. dxe5 Nxe5 11. f4 Ned7 12. Nb3 Bd6 13. 0-0 0-0-0 14. Nd4 Nc5 15. b4 Nce4 16. Qd3 g5 17. Nf5 Bxf4 18. Bxf4 gxf4 19. a4 g6 20. Nd4 Rde8 21. b5 c5 22. b6 axb6 23. Nb5 Qe5 24. Na7+ Kb8 25. a5 Kxa7 26. a6 c4 0-1

[Event "Moscow op-B"]
[Site "Moscow"]
[Date "2009.02.06"]
[Round "7"]
[White "Mosionzhik, Ilya Samoilovich"]
[Black "Babaev, Mikhail"]
[Result "1-0"]
[WhiteElo "2162"]
[BlackElo "2023"]
[PlyCount "65"]
[EventDate "2009.01.31"]
[EventType "swiss"]
[EventRounds "9"]
[EventCountry "RUS"]
[SourceTitle "EXT 2012"]
[Source "ChessBase"]
[SourceDate "2011.11.24"]
[SourceVersion "1"]
[SourceVersionDate "2011.11.24"]
[SourceQuality "1"]

1. e4 Nf6 2. e5 Nd5 3. d4 d6 4. c4 Nb6 5. f4 g5 6. Nf3 g4 7. Ng5 Bf5 8. Bd3 Bxd3 9. Qxd3 h6 10. Nxf7 Kxf7 11. Qf5+ Ke8 12. Qg6+ Kd7 13. Qxg4+ e6 14. d5 Qe8 15. 0-0 dxe5 16. fxe5 Bc5+ 17. Kh1 Rg8 18. Qh3 Rf8 19. Rd1 Qg6 20. Be3 Bxe3 21. Qxe3 Na6 22. Nc3 Qg5 23. Qe4 Rae8 24. d6 Kc8 25. Nb5 Qf5 26. Qd4 Rd8 27. Nxa7+ Kb8 28. dxc7+ Kxc7 29. Nb5+ Kc6 30. Nd6 Qf4 31. Qc3 Nxc4 32. Qe1 Qf2 33. Qe4+ 1-0

[Event "Duisburg Grossenbaum op"]
[Site "Duisburg"]
[Date "2006.07.02"]
[Round "6"]
[White "Stefkovic, Marijan"]
[Black "Babaev, Mikhail"]
[Result "1/2-1/2"]
[WhiteElo "2135"]
[BlackElo "1852"]
[PlyCount "141"]
[EventDate "2006.06.02"]
[EventType "swiss"]
[EventRounds "7"]
[EventCountry "GER"]
[SourceTitle "EXT 2007"]
[Source "ChessBase"]
[SourceDate "2006.11.23"]
[SourceVersion "1"]
[SourceVersionDate "2006.11.23"]
[SourceQuality "1"]

1. d4 Nf6 2. Nf3 d5 3. c4 dxc4 4. Qa4+ c6 5. Qxc4 Bf5 6. Nc3 Nbd7 7. e3 e6 8. Qb3 Rb8 9. Be2 Bd6 10. Nd2 e5 11. Nc4 Bc7 12. Qa3 exd4 13. exd4 Qe7 14. Qxe7+ Kxe7 15. 0-0 Rhe8 16. Bg5 h6 17. Bh4 Kf8 18. Ne3 Bh7 19. Bf3 Ne4 20. Bg4 Ndf6 21. Bxf6 Nxf6 22. Bf3 Ne4 23. Bxe4 Bxe4 24. Rfe1 Rbd8 25. f3 Bg6 26. Ng4 Rxd4 27. Rxe8+ Kxe8 28. Rd1 Rxd1+ 29. Nxd1 h5 30. Nge3 Bb6 31. Kf1 Bd3+ 32. Ke1 Ba5+ 33. Nc3 Bc7 34. Kd2 Bg6 35. g3 h4 36. f4 hxg3 37. hxg3 Bb6 38. Nc4 Bc7 39. Ne3 f6 40. Ne2 Bb1 41. a3 Be4 42. Nc3 Bh7 43. Ne2 Ke7 44. Nd4 Kf7 45. b4 Bb6 46. Kc3 Bxd4+ 47. Kxd4 Ke6 48. a4 g5 49. Kc5 gxf4 50. gxf4 Be4 51. a5 Bf3 52. Kd4 Be2 53. Kc5 Bd3 54. Kd4 Bb5 55. Kc5 Be2 56. Kd4 b6 57. axb6 axb6 58. Kc3 c5 59. bxc5 bxc5 60. Kd2 Bb5 61. Kc3 Kf7 62. Nf5 Kg6 63. Nd6 Bf1 64. Ne4 c4 65. Kd4 Bd3 66. Ng3 f5 67. Kc3 Kf6 68. Kd4 Ke6 69. Nh5 Kd6 70. Ng7 Kc6 71. Nxf5 1/2-1/2

[Event "Ruhrhalbinsel op"]
[Site "Essen"]
[Date "2006.05.27"]
[Round "5"]
[White "Loyen, Egbert"]
[Black "Babaev, Mikhail"]
[Result "1-0"]
[WhiteElo "2101"]
[BlackElo "1844"]
[PlyCount "45"]
[EventDate "2006.05.24"]
[EventType "swiss"]
[EventRounds "7"]
[EventCountry "GER"]
[SourceTitle "EXT 2007"]
[Source "ChessBase"]
[SourceDate "2006.11.23"]
[SourceVersion "1"]
[SourceVersionDate "2006.11.23"]
[SourceQuality "1"]

1. d4 Nf6 2. Nf3 e6 3. c4 c5 4. d5 b5 5. Bg5 h6 6. Bxf6 Qxf6 7. Qc2 bxc4 8. e4 exd5 9. exd5 Na6 10. Bxc4 Rb8 11. Nc3 Be7 12. 0-0 0-0 13. Rfe1 d6 14. Qe2 Nb4 15. Qxe7 Qg6 16. Ne4 Bg4 17. Qxd6 Bxf3 18. Qxg6 fxg6 19. gxf3 Nc2 20. b3 Nxa1 21. Rxa1 Rxf3 22. Nxc5 Rbf8 23. Ne6 1-0

[Event "Niederrhein-ch"]
[Site "Niederrhein"]
[Date "2005.03.18"]
[Round "1"]
[White "Zahn, Richard"]
[Black "Babaev, Mikhail"]
[Result "1-0"]
[WhiteElo "2029"]
[BlackElo "1742"]
[PlyCount "81"]
[EventDate "2005.03.18"]
[EventType "swiss"]
[EventRounds "9"]
[EventCountry "GER"]
[SourceTitle "CBM 105 Extra"]
[Source "ChessBase"]
[SourceDate "2005.05.01"]
[SourceVersion "1"]
[SourceVersionDate "2005.05.01"]
[SourceQuality "1"]

1. f4 e5 2. fxe5 d6 3. exd6 Bxd6 4. Nf3 g5 5. g3 g4 6. Nh4 Be7 7. Ng2 h5 8. d4 h4 9. Rg1 c5 10. c3 Nc6 11. d5 Ne5 12. Bf4 Ng6 13. e4 h3 14. Ne3 Nxf4 15. gxf4 Bh4+ 16. Kd2 Qf6 17. Bb5+ Kf8 18. Rf1 g3 19. hxg3 Bxg3 20. f5 Qe5 21. Na3 Nf6 22. Bd3 Nxe4+ 23. Bxe4 Qxe4 24. Qf3 Qxf3 25. Rxf3 h2 26. Rh1 Bh4 27. Ke2 Bg5 28. Nac2 Bd7 29. Rf2 Re8 30. Rfxh2 Rxh2+ 31. Rxh2 Bxf5 32. Rh8+ Ke7 33. Nxf5+ Kd7+ 34. Rxe8 Kxe8 35. c4 Kd7 36. Nce3 Bf6 37. b3 Be5 38. Kd3 Bh2 39. Ng4 Bg1 40. Ne5+ Ke8 41. Nf3 1-0

[Event "Niederrhein-ch"]
[Site "Hilden"]
[Date "2004.04.03"]
[Round "2"]
[White "Zahn, Richard"]
[Black "Babaev, Mikhail"]
[Result "1-0"]
[WhiteElo "2112"]
[BlackElo "1679"]
[PlyCount "43"]
[EventDate "2004.04.02"]
[EventType "swiss"]
[EventRounds "9"]
[EventCountry "GER"]
[SourceTitle "EXT 2005"]
[Source "ChessBase"]
[SourceDate "2004.11.15"]
[SourceVersion "1"]
[SourceVersionDate "2004.11.15"]
[SourceQuality "1"]

1. b4 e5 2. Bb2 f6 3. e4 Bxb4 4. Bc4 Ne7 5. a3 d5 6. exd5 Bd6 7. Ne2 0-0 8. 0-0 Nd7 9. Ba2 f5 10. d4 e4 11. c4 Ng6 12. c5 Bxh2+ 13. Kxh2 Qh4+ 14. Kg1 Nf6 15. f3 exf3 16. gxf3 Qh3 17. Rf2 f4 18. Qf1 Qh4 19. Rh2 Qg5+ 20. Qg2 Qf5 21. Nbc3 h5 22. Bb1 1-0

[Event "Cologne Longerich op 2nd"]
[Site "Cologne"]
[Date "2003.??.??"]
[Round "5"]
[White "Babaev, Mikhail"]
[Black "Meinhardt, Guenther"]
[Result "0-1"]
[WhiteElo "1304"]
[BlackElo "1685"]
[PlyCount "69"]
[EventDate "2003.06.??"]
[EventType "swiss"]
[EventRounds "7"]
[EventCountry "GER"]
[SourceTitle "EXT 2004"]
[Source "ChessBase"]
[SourceDate "2003.11.25"]
[SourceVersion "1"]
[SourceVersionDate "2003.11.25"]
[SourceQuality "1"]

1. e4 d5 2. exd5 Nf6 3. c4 e6 4. d4 exd5 5. Nf3 Bb4+ 6. Nc3 0-0 7. Bg5 dxc4 8. Bxc4 Re8+ 9. Ne5 Be6 10. Bxe6 Rxe6 11. 0-0 Bxc3 12. bxc3 Qe8 13. Qb3 Rb6 14. Qc2 Nbd7 15. Rae1 Re6 16. f4 Nxe5 17. fxe5 Nd7 18. Re3 Rg6 19. Bh4 Qe6 20. Ref3 Rf8 21. Bg3 c5 22. Qd2 cxd4 23. cxd4 Nb6 24. Qa5 Nc4 25. Qc7 Nd2 26. Rxf7 Nxf1 27. Rxf8+ Kxf8 28. Qc5+ Kg8 29. Kxf1 Qa6+ 30. Ke1 h6 31. h3 Qc6 32. Qxa7 Qc3+ 33. Ke2 Qb2+ 34. Kf3 Rc6 35. Qa4 0-1

[Event "Cologne Longerich op 2nd"]
[Site "Cologne"]
[Date "2003.??.??"]
[Round "7"]
[White "Doberschuetz, Christian"]
[Black "Babaev, Mikhail"]
[Result "0-1"]
[WhiteElo "1184"]
[BlackElo "1304"]
[PlyCount "64"]
[EventDate "2003.06.??"]
[EventType "swiss"]
[EventRounds "7"]
[EventCountry "GER"]
[SourceTitle "EXT 2004"]
[Source "ChessBase"]
[SourceDate "2003.11.25"]
[SourceVersion "1"]
[SourceVersionDate "2003.11.25"]
[SourceQuality "1"]

1. d4 f5 2. Nf3 e6 3. e3 Nf6 4. Bd3 Be7 5. 0-0 0-0 6. c4 d5 7. cxd5 exd5 8. Nc3 c6 9. Qc2 Ne4 10. Nd2 Qe8 11. f3 Nxc3 12. bxc3 Bg5 13. f4 Qxe3+ 14. Kh1 Qe7 15. fxg5 Qxg5 16. Nf3 Qh5 17. Bf4 h6 18. Rae1 g5 19. Bd6 Rf6 20. Be5 Rf8 21. c4 Na6 22. a3 Bd7 23. Bd6 Rf6 24. c5 b5 25. Ne5 Be8 26. Rxf5 Rxf5 27. Bxf5 Qh4 28. Nf3 Qh5 29. Bh7+ Kg7 30. Re7+ Bf7 31. Ne5 Re8 32. Rxf7+ Qxf7 0-1